MEDICINE FOR DENTAL STUDENTS (Record no. 3527)

MARC details
000 -LEADER
fixed length control field 00362nam a2200145Ia 4500
008 - FIXED-LENGTH DATA ELEMENTS--GENERAL INFORMATION
fixed length control field 150201s2006 xx 000 0 und d
082 ## - DEWEY DECIMAL CLASSIFICATION NUMBER
Classification number 610
Item number M2006K
100 ## - MAIN ENTRY--PERSONAL NAME
Personal name KHOSLA,S.N.
245 ## - TITLE STATEMENT
Title MEDICINE FOR DENTAL STUDENTS
250 ## - EDITION STATEMENT
Edition statement 1ST
260 ## - PUBLICATION, DISTRIBUTION, ETC. (IMPRINT)
Name of publisher, distributor, etc. C.B.S PUBLISHERS & DISTRIBUTERS
Place of publication, distribution, etc. DELHI
Date of publication, distribution, etc. 2006
300 ## - PHYSICAL DESCRIPTION
Extent 1-552
650 ## - SUBJECT ADDED ENTRY--TOPICAL TERM
Topical term or geographic name as entry element MEDICINE
942 ## - ADDED ENTRY ELEMENTS (KOHA)
Source of classification or shelving scheme Dewey Decimal Classification
Koha item type Books
Koha issues (borrowed), all copies 4
Holdings
Withdrawn status Lost status Source of classification or shelving scheme Damaged status Not for loan Home library Current library Date acquired Source of acquisition Cost, normal purchase price Serial Enumeration / chronology SGTU Bill Number Total Checkouts Full call number Barcode Date last seen Date last checked out Bill Date Koha item type
    Dewey Decimal Classification     SGT Dental Library SGT Dental Library 23/01/2007 U.B.S.DELHI 550.00 1 SGTU 1013 1 610 M2006K FD4007 15/02/2018 06/02/2018 02/08/2012 Books
    Dewey Decimal Classification     SGT Dental Library SGT Dental Library 23/01/2007 U.B.S.DELHI 550.00 1 SGTU 1013 2 610 M2006K FD4008 08/08/2023 31/07/2023 02/08/2012 Books
    Dewey Decimal Classification     SGT Dental Library SGT Dental Library 23/01/2007 U.B.S.DELHI 550.00 1 SGTU 1013   610 M2006K FD4009 09/02/2015   02/08/2012 Books
    Dewey Decimal Classification     SGT Dental Library SGT Dental Library 23/01/2007 U.B.S.DELHI 550.00 1 SGTU 1013 3 610 M2006K FD4010 17/06/2025 17/06/2025 02/08/2012 Books
    Dewey Decimal Classification     SGT Dental Library SGT Dental Library 23/01/2007 U.B.S.DELHI 550.00 1 SGTU 1013 2 610 M2006K FD4011 23/05/2025 23/05/2025 02/08/2012 Books